Apostles Creed - Statistics

General Stats
  • This quiz has been taken 11 times
  • The average score is 10 of 19
Answer Stats
Apostles Creed % Correct
I believe in God
100%
the Father almighty,
100%
Creator of heaven and earth
83%
And in Jesus Christ, His only Son, our Lord
67%
born of the Virgin Mary
67%
suffered under Pontius Pilate
67%
Who was conceived by the Holy Spirit
67%
He descended into hell
50%
I believe in the Holy Spirit,
50%
the communion of saints,
50%
the forgiveness of sins
50%
the holy Catholic Church,
50%
the resurrection of the body
50%
was crucified, died, and was buried
50%
from there he will come to judge the living and the dead
33%
He ascended into heaven,
33%
on the third day he rose again from the dead
33%
and is seated at the right hand of God the Father almighty
17%
and life everlasting. Amen
17%
No matching quizzes found
Score Distribution
Percent of People with Each Score
Percentile by Number Answered
Your Score History
You have not taken this quiz